000 00266nam a2200109Ia 4500
008 200302s9999 xx 000 0 und d
100 _aH.Gulvanessian
245 _aDesigners Guides To The Eurocodes
260 _bThams Telfard, London
260 _c2002
300 _a192
999 _c4642
_d4642